Turkish players in UEFA Champions League (2000-) - Statistics

General Stats
  • This quiz has been taken 39 times
  • The average score is 43 of 197
Answer Stats
Ranking Player Positions Nationality Matches Goals (assists) Periods Clubs % Correct
8 Arda Turan MF, FW 32 9 (5) 2006-2007, 2013-2017
94%
1 Hakan Çalhanoğlu MF, FW 56 11 (9) 2014-2016, 2021-2025
94%
3 Burak Yılmaz FW 40 13 (1) 2007-2008, 2011-2015, 2021-2022
92%
90 Barış Alper Yılmaz DF, MF, FW 6 0 (1) 2023-2024
89%
105 Aydın Yılmaz MF 5 1 (0) 2006-2007, 2012-2014
86%
150 Rıdvan Yılmaz DF, MF, FW 3 0 (0) 2021-2023
86%
15 Nuri Şahin MF 24 1 (2) 2011-2014, 2016-2018
83%
2 Hamit Altıntop DF, MF 41 2 (4) 2005-2006, 2008-2012, 2014-2015
81%
37 Selçuk Şahin MF 17 0 (0) 2004-2005, 2007-2009
81%
44 Halil Altıntop MF, FW 13 1 (0) 2007-2008, 2011-2012
78%
79 Arda Güler MF, FW 7 0 (0) 2024-2025
75%
59 Kenan Yıldız MF, FW 10 1 (1) 2024-2025
72%
4 Ömer Toprak DF 39 2 (0) 2011-2012, 2013-2019
72%
58 Hakan Şükür FW 10 5 (0) 2003-2004, 2006-2007
67%
53 Merih Demiral DF 12 1 (0) 2019-2022
64%
116 Orhan Ak DF 5 0 (0) 2003-2004, 2006-2007
64%
92 Berkay Özcan MF, FW 6 0 (0) 2020-2021
61%
29 Kerem Aktürkoğlu MF, FW 18 6 (0) 2023-2025
61%
28 Salih Özcan MF 19 0 (1) 2022-2025
61%
32 Cengiz Ünder DF, MF, FW 17 4 (3) 2017-2018, 2022-2023
58%
33 Orkun Kökçü MF 17 4 (0) 2023-2025
58%
81 Emre Mor MF, FW 7 0 (0) 2016-2017, 2019-2020
56%
18 Volkan Demirel GK 23 0 (0) 2004-2005, 2007-2009
53%
30 Mehmet Topal DF, MF 18 1 (2) 2006-2007, 2010-2011, 2020-2022
50%
46 Zeki Çelik DF 13 0 (1) 2019-2020, 2021-2022
50%
31 Rüştü Reçber GK 18 0 (0) 2001-2002, 2004-2005, 2007-2008, 2009-2010
47%
157 Çağlar Söyüncü DF 2 0 (0) 2023-2024
44%
9 Emre Belözoğlu MF 32 1 (6) 2000-2001, 2002-2004, 2008-2009
44%
147 Muğdat Çelik FW 3 0 (0) 2018-2019
44%
22 Nihat Kahveci FW 21 0 (2) 2000-2001, 2003-2004, 2008-2010
44%
76 Ozan Kabak DF 8 0 (0) 2018-2019, 2020-2021
44%
12 Umut Bulut MF, FW 29 4 (0) 2012-2016
44%
62 Yusuf Yazıcı MF, FW 10 0 (0) 2019-2020, 2021-2022
44%
57 Caner Erkin DF, MF 11 0 (1) 2007-2008, 2016-2018
42%
125 Erol Bulut DF, MF 4 1 (0) 2005-2006
42%
87 İrfan Kahveci MF, FW 6 3 (1) 2020-2021
42%
10 Yıldıray Baştürk MF 32 1 (6) 2001-2002, 2007-2008
42%
60 Kaan Ayhan DF, MF 10 0 (1) 2013-2014, 2023-2024
39%
27 Okan Buruk MF 19 1 (1) 2000-2001, 2002-2003, 2006-2007
39%
7 Selçuk İnan MF 34 3 (4) 2012-2015, 2018-2020
39%
91 Abdülkerim Bardakcı DF 6 0 (0) 2023-2024
36%
11 Bülent Korkmaz DF 32 1 (0) 2000-2004
36%
25 Gökhan Gönül DF 20 0 (1) 2007-2008, 2016-2018
36%
145 Kerem İnan GK 3 0 (0) 2000-2001
36%
122 Volkan Şen MF, FW 5 0 (0) 2010-2011
36%
49 Cenk Tosun MF, FW 12 5 (1) 2016-2018
33%
5 Hasan Şaş MF 37 3 (3) 2000-2003, 2006-2007
33%
47 Oğuzhan Özyakup MF 13 0 (0) 2016-2017, 2021-2022
33%
20 Sabri Sarıoğlu DF, MF 22 0 (2) 2003-2004, 2006-2007, 2012-2013, 2015-2016
33%
89 Sercan Yıldırım FW 6 1 (1) 2010-2011
33%
55 Tuncay Şanlı MF, FW 11 5 (1) 2004-2006
33%
13 Semih Kaya DF 26 0 (0) 2012-2016
31%
118 Servet Çetin DF 5 0 (0) 2004-2006
31%
45 Suat Kaya MF 13 1 (0) 2000-2001, 2002-2003
31%
171 Veysel Sarı DF, MF 2 0 (0) 2014-2015
31%
71 Ahmet Yıldırım DF, MF 8 0 (0) 2000-2001, 2003-2004
28%
83 Mert Günok GK 7 0 (0) 2020-2022
28%
50 Semih Şentürk FW 12 2 (0) 2005-2006, 2007-2009
28%
41 Serhat Akın MF, FW 15 0 (1) 2001-2002, 2004-2007
28%
23 Ümit Karan FW 20 6 (2) 2001-2003, 2006-2007
28%
139 Aykut Akgün MF 3 0 (0) 2011-2012
25%
52 Hakan Balta DF 12 1 (0) 2012-2016
25%
75 Necip Uysal DF, MF 8 0 (0) 2016-2017, 2021-2022
25%
85 Sinan Bolat GK 7 0 (0) 2009-2010, 2014-2015
25%
197 Yunus Akgün DF, MF, FW 1 0 (0) 2018-2019
25%
19 Arif Erdem FW 22 2 (2) 2000-2004
22%
34 Bülent Akın MF 17 1 (0) 2000-2002
22%
129 Gökhan Töre MF, FW 4 0 (0) 2021-2022
22%
72 Gökhan Zan DF 8 0 (0) 2007-2008, 2012-2014
22%
143 İbrahim Akın MF, FW 3 0 (0) 2007-2008
22%
73 İbrahim Toraman DF 8 0 (0) 2007-2008, 2009-2010
22%
111 İlhan Mansız FW 5 0 (0) 2003-2004
22%
24 Mehmet Aurélio MF 20 0 (2) 2004-2005, 2007-2008
22%
42 Sergen Yalçın MF 14 4 (2) 2001-2002, 2003-2004
22%
120 Tugay Kerimoğlu MF 5 0 (0) 2000-2001
22%
121 Tümer Metin MF 5 0 (0) 2003-2004, 2007-2008
22%
6 Ergün Penbe DF, MF 35 1 (6) 2000-2003, 2006-2007
19%
14 Hakan Ünsal DF 24 2 (5) 2000-2004
19%
17 İbrahim Üzülmez DF, MF 23 0 (1) 2000-2001, 2003-2004, 2007-2008, 2009-2010
19%
78 Ömer Bayram DF, FW 7 0 (1) 2018-2020
19%
67 Tolga Zengin GK 9 0 (0) 2011-2012, 2016-2018
19%
38 Ümit Özat DF, MF 16 0 (1) 2001-2002, 2004-2006
19%
68 Yasin Öztekin MF, FW 9 0 (0) 2014-2016
19%
104 Ali Güneş DF, FW 5 1 (1) 2001-2002
17%
26 Ayhan Akman MF 20 0 (0) 2000-2003, 2006-2007
17%
175 Batuhan Karadeniz FW 1 0 (0) 2009-2010
17%
64 Deniz Barış DF, MF 9 0 (0) 2004-2005, 2007-2008
17%
178 Erhan Güven DF 1 0 (0) 2009-2010
17%
110 Ersin Destanoğlu GK 5 0 (0) 2021-2022
17%
51 Gökdeniz Karadeniz MF, FW 12 1 (0) 2009-2011
17%
144 İbrahim Öztürk DF 3 0 (0) 2010-2011
17%
112 Kenan Karaman MF, FW 5 0 (0) 2021-2022
17%
146 Mahmut Tekdemir MF 3 0 (0) 2020-2021
17%
187 Mehmet Güven MF 1 0 (0) 2006-2007
17%
106 Ozan İpek MF 5 0 (1) 2010-2011
17%
84 Salih Uçan MF 7 0 (0) 2015-2016, 2021-2022
17%
99 Serdar Aziz DF 6 0 (0) 2010-2011, 2018-2019
17%
35 Serkan Balcı DF 17 0 (1) 2004-2005, 2011-2012
17%
56 Uğur Boral DF, MF 11 2 (1) 2007-2009
17%
21 Ümit Davala DF, MF 21 2 (1) 2000-2002, 2004-2006
17%
152 Adem Büyük FW 2 1 (0) 2019-2020
14%
173 Ahmed Kutucu MF, FW 1 0 (0) 2018-2019
14%
43 Colin Kazim-Richards MF, FW 13 2 (0) 2007-2009
14%
61 Emre Çolak MF 10 0 (0) 2012-2013, 2014-2016
14%
136 Fatih Tekke FW 3 1 (0) 2008-2009
14%
137 İsmail Köybaşı DF, FW 3 0 (2) 2009-2010
14%
166 Olcay Şahan MF, FW 2 0 (0) 2016-2017
14%
48 Önder Turacı DF 13 0 (0) 2004-2005, 2007-2008
14%
80 Atakan Karazor MF 7 0 (0) 2024-2025
11%
176 Bekir Ozan Has MF 1 0 (0) 2010-2011
11%
172 Emre Akbaba FW 1 0 (1) 2018-2019
11%
16 Emre Aşık DF 24 0 (0) 2000-2003, 2006-2007
11%
40 Fatih Akyel DF 15 0 (2) 2000-2001, 2004-2005
11%
181 Fevzi Tuncay GK 1 0 (0) 2000-2001
11%
142 Hasan Ali Kaldırım DF, FW 3 0 (0) 2020-2021
11%
126 Necati Ateş MF, FW 4 1 (0) 2006-2007
11%
149 Okan Koç DF, MF 3 0 (0) 2003-2004
11%
115 Olcan Adın MF 5 0 (0) 2014-2016
11%
132 Serdar Kurtuluş DF, MF 4 0 (0) 2007-2008
11%
123 Yekta Kurtuluş MF 5 0 (0) 2012-2015
11%
63 Ali Tandoğan DF, MF 9 0 (0) 2007-2008, 2010-2011
8%
70 Berkant Göktan FW 8 0 (1) 2001-2002, 2003-2004
8%
124 Bilal Kısa MF 4 1 (1) 2015-2016
8%
36 Gökçek Vederson DF, MF 17 0 (0) 2007-2008, 2010-2011
8%
186 Kazımcan Karataş DF 1 0 (0) 2023-2024
8%
74 Mehmet Yozgatlı MF 8 0 (0) 2004-2006
8%
168 Şener Özbayraklı DF, MF 2 0 (0) 2019-2020
8%
65 Serdar Özkan MF 9 0 (0) 2007-2008, 2009-2010
8%
100 Sinan Gümüş MF, FW 6 0 (0) 2015-2016, 2018-2019
8%
196 Yavuz Özkan GK 1 0 (0) 2010-2011
8%
69 Ahmet Dursun FW 8 2 (0) 2000-2001, 2003-2004
6%
155 Bilal Başaçıkoğlu MF, FW 2 0 (0) 2017-2018
6%
156 Çağdaş Atan DF 2 0 (0) 2010-2011
6%
177 Emre Kaplan DF 1 0 (0) 2020-2021
6%
158 Engin Baytar MF 2 0 (0) 2012-2014
6%
159 Eray İşcan GK 2 0 (0) 2013-2014
6%
96 Hakan Arıkan GK 6 0 (0) 2007-2008, 2009-2010
6%
183 Hasan Kabze MF, FW 1 0 (0) 2006-2007
6%
184 İlhan Parlak MF, FW 1 0 (0) 2008-2009
6%
130 Kemal Aslan MF 4 0 (0) 2004-2006
6%
164 Kerim Frei MF, FW 2 0 (0) 2016-2017
6%
98 Ömer Erdoğan DF 6 0 (0) 2010-2011
6%
77 Serkan Aykut MF, FW 8 0 (0) 2000-2002
6%
119 Tarık Çamdal DF, MF 5 0 (0) 2014-2015
6%
54 Tayfur Havutçu MF 12 1 (0) 2000-2001, 2003-2004
6%
107 Yusuf Şimşek MF 5 0 (1) 2001-2002, 2009-2010
6%
108 Abdullah Ercan DF, MF 5 0 (0) 2001-2002
3%
174 Atınç Nukan DF 1 0 (0) 2016-2017
3%
154 Bayram Bektaş MF 2 0 (0) 2000-2001
3%
140 Ceyhun Eriş MF 3 0 (0) 2001-2002
3%
128 Ceyhun Gülselam DF, MF 4 0 (0) 2013-2014
3%
39 Cihan Haspolatlı DF 15 2 (1) 2002-2003, 2006-2007
3%
93 Erencan Yardimci MF, FW 6 0 (0) 2019-2020, 2024-2025
3%
179 Fatih Sonkaya DF 1 0 (0) 2005-2006
3%
95 Giray Kaçar DF 6 0 (0) 2011-2012
3%
162 Hüzeyfe Doğan MF 2 0 (0) 2002-2003
3%
131 Koray Avcı DF, MF 4 0 (0) 2007-2008
3%
113 Mehmet Özdilek MF 5 0 (0) 2000-2001
3%
188 Mehmet Polat DF, MF 1 0 (0) 2002-2003
3%
165 Mustafa Pektemek MF, FW 2 0 (0) 2017-2018
3%
192 Mustafa Yumlu DF 1 0 (0) 2011-2012
3%
114 Ogün Temizkanoğlu DF, MF 5 0 (0) 2001-2002
3%
135 Oktay Derelioğlu FW 3 2 (0) 2001-2002
3%
194 Orkan Çınar FW 1 0 (0) 2017-2018
3%
117 Serdar Saatçı DF 5 0 (0) 2021-2022, 2023-2024
3%
101 Turgay Bahadır MF, FW 6 0 (0) 2010-2011
3%
133 Uğur İnceman MF 4 0 (0) 2009-2010
3%
103 Vedat İnceefe DF 6 0 (0) 2000-2003
3%
134 Yasin Çakmak DF 4 0 (0) 2007-2009
3%
195 Yasin Karaca MF, FW 1 0 (0) 2001-2002
3%
127 Ali Akdeniz MF 4 0 (0) 2001-2002
0%
138 Ali Eren Beşerler DF 3 0 (0) 2000-2001
0%
153 Baki Mercimek DF 2 0 (0) 2007-2008
0%
88 Deniz Turuc MF, FW 6 1 (1) 2020-2021
0%
109 Erman Güraçar DF 5 0 (0) 2000-2001
0%
94 Faruk Atalay MF 6 0 (0) 2000-2001
0%
160 Fazlı Ulusal FW 2 0 (0) 2000-2001
0%
180 Ferhat Öztorun DF 1 0 (0) 2006-2007
0%
182 Furkan Özçal MF 1 0 (0) 2014-2015
0%
141 Hakan Bayraktar MF 3 0 (0) 2001-2002
0%
161 Hüseyin Çimşir DF, MF 2 0 (0) 2010-2011
0%
82 İbrahim Kaş DF 7 0 (0) 2007-2008, 2009-2010
0%
163 İsmail Haktan Odabaşı MF 2 0 (0) 2010-2011
0%
185 Jem Karacan MF 1 0 (0) 2015-2016
0%
189 Mehmet Sedef DF, MF 1 0 (0) 2007-2008
0%
97 Miško Mirković DF 6 0 (0) 2001-2002
0%
190 Murat Alaçayır MF 1 0 (0) 2000-2001
0%
191 Murat Sözkesen MF, FW 1 0 (0) 2001-2002
0%
148 Mustafa Keçeli DF 3 0 (0) 2010-2011
0%
193 Onur Ayık MF, FW 1 0 (0) 2010-2011
0%
167 Rahim Zafer DF 2 0 (0) 2000-2001
0%
169 Sinan Kaloğlu FW 2 0 (0) 2003-2004
0%
66 Suat Usta DF 9 0 (0) 2001-2002, 2003-2004
0%
170 Tolga Seyhan DF 2 0 (0) 2006-2007
0%
102 Ümit Bozkurt DF 6 0 (0) 2000-2001
0%
151 Umut Meraş DF 3 0 (0) 2021-2022
0%
86 Yasin Sülün MF 7 0 (0) 2000-2001, 2003-2004
0%
No matching quizzes found
Score Distribution
Percent of People with Each Score
Percentile by Number Answered
Your Score History
You have not taken this quiz